00870nam a2200229Ia 4500008004100000050002000041050001400061100002500075245002400100245002500124245013200149260001300281260002700294260000900321300001600330300003300346300001100379500004100390650007200431650007600503650006100579161112s9999 xx 000 0 und d aREF ND 1029.M54 b.G94 2003 aGuerrero, Amadis Ma. 0aAmadeo Y. Manalad : 0bhistory's muralist / 0cAmadis Ma. Guerrero; preface by Juan T. Gatbonton; a critical appreciation by Patrick D. Flores; photography by Raffy Guerrero. aManila : bKasaysayan Publishing. c2003 a114 pages : billustrations (some color) ; c24 cm. aIncludes bibliographical references. aManalad, Amadeo Yabot -- 1911-1984 -- Criticism and interpretation. aMural painting and decoration, Filipino -- Philippines -- 20th century. xMural painting and decoration -- Philippines -- History.